Statistics for Tricky Analogies

Click here to take the quiz!

General Stats

  • This quiz has been taken 3,759 times
    (3,745 since last reset)
  • The average score is 9 of 20

Answer Stats

This is to this,as...% Correct
Puerto Rico is to United StatesGreenland is to ____Denmark
82%
Canberra is to Australia____ is to Brazil.Brasilia
79%
Umbilicus is to navelMandible is to ____Jaw
72%
Sn is to tin____ is to salt.NaCl
70%
Toe is to footSpoke is to ____Wheel
70%
Melville is to whalesSpielberg is to ____Sharks
49%
Cataract is to eyeGoitre is to ____Neck
48%
Gaddafi is to LibyaIdi Amin is to ____Uganda
48%
LHR is to LondonCDG is to ____Paris
46%
Socrates is to Plato____ is to Alexander the Great.Aristotle
45%
Robin and Maurice are to BarryJohn and George are to ____Paul
42%
Cuneiform is to Babylonia____ are to Egypt.Hieroglyphics
40%
Robin is to BatmanSancho Panza is to ____Don Quixote
38%
Cooper is to barrelsFletcher is to ____Arrows
36%
Eunuch is to man____ is to horse.Gelding
33%
Papaya is to pawpawZucchini is to ____Courgette
30%
Patton is to RooseveltMontgomery is to ____Churchill
28%
France is to Henry V____ is to Leonidas.Persia
24%
Reeve is to Superman____ is to Frankenstein's Monster.Karloff
13%
Pride is to Lions____ is to leopards.Leap
5%

Score Distribution

Percentile by Number Answered

Percent of People with Each Score

Your Score History

You have not taken this quiz since the last reset